000 00640nam a22001937a 4500
005 20251108170948.0
008 250721s1986 xx 000 0 ara d
082 1 4 _aم/657.4/هور
100 1 _aهورنجون، تشارلز ت.
245 1 0 _aمحاسبة التكاليف :
_bمدخل إداري /
264 1 _aالرياض :
_bدار المريخ للنشر،
_c1986.
300 _a2ج في مجلد واحد
650 1 7 _aالمحاسبة
650 1 7 _aمحاسبة التكاليف
700 1 _aحجاج، أحمد حامد
_eترجمة
700 1 _aالبدوي، محمد هاشم
942 _2ddc
_cREF
999 _c53154
_d53154